000 00380ntaaa2200133 4500
003 01
005 20251027203250.0
008 0714s1973 ag 01
040 _aAR-BaBN
_bspa
_cAR-BaBN
_eaacr
_dRIC
100 _aSanchez-Gey Venegas, Juana
_935377
245 _aLa mujer: una contribución desde la filosofía /
_cJuana Sanchez -Gey Venegas
650 _aFEMINISMO
_911775
942 _cBK
999 _c28089
_d28089